000 02058nam0a2200361 4500
001 RU\NLR\BIBL_A\012048486
005 20241101024945.0
010 _a9785912922589
_9500
021 _aRU
_b2019-39893
_9КН-П-2925
035 _a(RuMoRGB)009995244
035 _a(NLR Aleph) 012048486
090 _a11638690
_c11638689
100 _a20190628d2019 k y0rusy50 ca
101 0 _arus
102 _aRU
105 _aa|||zzzz000zy
200 1 _aМобилизация и эффективное использование налогового потенциала Российской Федерации
_dMobilization and effective use of the tax potential of the Russian Federation
_eмонография
_fМ. Д. Сулейманов, В. А. Кашин
_zeng
210 _aМосква
_cКреативная экономика
_d2019
215 _a329, [2] с.
_cтабл.
_d21
300 _aАвт. также на англ. яз.: Minkail D. Suleymanov, Vladimir A. Kashin
300 _aНа 4-й с. обл. авт.: М. Д. Сулейманов, к.э.н., В. А. Кашин, д.э.н., проф.
320 _aБиблиогр.: с. 316-320 (63 назв.)
510 1 _6z22790
_aMobilization and effective use of the tax potential of the Russian Federation
_zeng
606 1 _aНалоги
_yРоссийская Федерация
_92073626
_3RU\NLR\AUTH\661248549
610 0 _aналоговый потенциал
686 1 _aУ26(2)141.3
700 1 _7ca
_8rus
_aСулейманов
_bМ. Д.
_cканд. экон. наук
_gМинкаил Джабраилович
_9208280
_3RU\NLR\AUTH\770208333
701 1 _7ca
_8rus
_aКашин
_bВ. А.
_cд-р экон. наук
_gВладимир Анатольевич
_9208289
_3RU\NLR\AUTH\770208342
790 1 _7ba
_8rus
_aSulejmanov
_bM. D.
_cканд. экон. наук
_gMinkail Džabrailovič
_9208283
_3RU\NLR\AUTH\770208336
790 1 _7ba
_8rus
_aKašin
_bV. A.
_cд-р экон. наук
_gVladimir Anatol'evič
_9208293
_3RU\NLR\AUTH\770208346
942 _cBOOK
980 _aNBR